Đang tải...

Plant Propagation

Chi tiết về thư mục
Tác giả chính: Maiti R.G
Định dạng: Printed Book
Ngôn ngữ:Undetermined
Được phát hành: New Delhi Kalyani Publications 2004
Những chủ đề:
LEADER 00515nam a2200157Ia 4500
008 140316s9999 xx 000 0 und d
020 |a 9788127267261 
082 |a 631.53  |b MAI/PL 
100 |a Maiti R.G 
245 |a Plant Propagation 
260 |a New Delhi  |b Kalyani Publications  |c 2004 
300 |a 124 
650 |a Plant Propagation 
942 |2 ddc  |c BK 
999 |c 13060  |d 13060 
952 |0 0  |1 0  |2 ddc  |4 0  |6 631_530000000000000_MAIPL  |7 0  |9 14294  |a KAUCLV  |b KAUCLV  |c GENERAL  |d 2014-03-18  |o 631.53 MAI/PL  |p 222492  |r 2014-03-18  |w 2014-03-18  |y BK